Small countries by Fun Facts - Statistics

General Stats
  • This quiz has been taken 57 times
  • The average score is 7 of 11
Answer Stats
Fun Fact Country % Correct
Owes its existence to Benito Mussolini. Vatican City
94%
Has been accidentally invaded by Switzerland. Liechtenstein
90%
According to legend founded in 301 AD, making it the oldest existing sovereign state San Marino
88%
80% of male inhabitants are obese. Nauru
76%
Has been the site of nuclear tests by the USA. Marshall Islands
65%
Earns money with their internet domain name. Tuvalu
65%
Home of dwarf elephants in prehistoric times Malta
57%
Has one of the highest murder rates in the world with 31 murders on 56000 inhabitants in 2016. Saint Kitts and Nevis
47%
The flattest country on earth with a maximum elevation of 2.3 meters Maldives
45%
The other participant of said game Barbados
43%
Partipicant of the strangest football game ever in 1994, where both teams tried to score an own goal. Grenada
43%
No matching quizzes found
Score Distribution
Percent of People with Each Score
Percentile by Number Answered
Your Score History
You have not taken this quiz